[Event "Tournoi B"]
[Site "Lannemezan"]
[Date "2023.05.18"]
[Round "3.6"]
[White "Solo, Louis"]
[Black "Guerin, Laurent"]
[Result "0-1"]
[WhiteElo "1009"]
[BlackElo "1587"]
[PlyCount "36"]
[EventDate "2023.??.??"]
[WhiteTeam "Le Fou Blanc de Lannemezan"]

1. e4 e5 2. Bc4 Nc6 3. Qf3 Nf6 4. Bb3 Bc5 5. Qe2 O-O 6. Nf3 d6 7. O-O Bg4 8. d3
Nd4 9. Qd1 c6 10. Ng5 Bxd1 11. Rxd1 Ne2+ 12. Kh1 Nxc1 13. Rxc1 Ng4 14. Bxf7+
Kh8 15. Bh5 Nxf2+ 16. Kg1 Qxg5 17. Nc3 Qe3 18. Nd1 Qe1# 0-1

[Event "Tournoi B"]
[Site "Lannemezan"]
[Date "2023.05.18"]
[Round "3.7"]
[White "Chatain, Philippe"]
[Black "Hilberer, Elie"]
[Result "1-0"]
[WhiteElo "1433"]
[BlackElo "1199"]
[PlyCount "45"]
[EventDate "2023.??.??"]
[WhiteTeam "Le Fou Blanc de Lannemezan"]
[BlackTeam "Echiquier Vicquois"]

1. d4 d5 2. c4 Nf6 3. cxd5 Nxd5 4. e4 Nf6 5. Bd3 e6 6. Nf3 Nbd7 7. O-O c5 8.
Nc3 a6 9. a4 cxd4 10. Nxd4 Ne5 11. Be2 Bb4 12. Bf4 Bxc3 13. bxc3 Nxe4 14. Bxe5
Nxc3 15. Qc2 Nxe2+ 16. Nxe2 Qd5 17. Bxg7 Rg8 18. Qxh7 Rxg7 19. Qxg7 b5 20. Rfd1
Bb7 21. Rxd5 Bxd5 22. Nf4 Be4 23. f3 1-0

[Event "Tournoi B"]
[Site "Lannemezan"]
[Date "2023.05.18"]
[Round "3.8"]
[White "Charruyer, Baptiste"]
[Black "Pages, Philippe"]
[Result "1-0"]
[WhiteElo "1401"]
[BlackElo "1070"]
[PlyCount "37"]
[EventDate "2023.??.??"]
[WhiteTeam "Le Fou Blanc de Lannemezan"]
[BlackTeam "L'Echiquier des gorges de l'Aveyron"]

1. c4 e5 2. g3 Bc5 3. Bg2 c6 4. e3 d5 5. cxd5 cxd5 6. d4 Bb4+ 7. Nc3 e4 8. Qa4+
Nc6 9. Bd2 Qa5 10. Qxa5 Nxa5 11. Nxd5 Bxd2+ 12. Kxd2 Nc4+ 13. Kc3 Nd6 14. Nc7+
Kf8 15. Nxa8 Nb5+ 16. Kd2 f5 17. Rc1 Nf6 18. a4 Nd6 19. Nc7 1-0

[Event "Tournoi B"]
[Site "Lannemezan"]
[Date "2023.05.18"]
[Round "3.9"]
[White "Yakovleff, Michel"]
[Black "Mallard, Jan"]
[Result "1-0"]
[WhiteElo "1371"]
[BlackElo "1009"]
[PlyCount "57"]
[EventDate "2023.??.??"]
[WhiteTeam "Echiquier de la Basse Vallée du Lot"]
[BlackTeam "Le Fou Blanc de Lannemezan"]

1. d4 d5 2. c4 e6 3. Nf3 Be7 4. Nc3 Nf6 5. cxd5 exd5 6. e3 Bf5 7. Be2 Nc6 8.
O-O O-O 9. Re1 Bb4 10. Bd2 Ne4 11. a3 Nxc3 12. bxc3 Ba5 13. c4 Bxd2 14. Nxd2
Na5 15. cxd5 Qxd5 16. Bf3 Qd6 17. e4 Bd7 18. d5 c6 19. e5 Qc5 20. e6 fxe6 21.
dxe6 Bc8 22. e7 Re8 23. Ne4 Qb6 24. Nd6 Nb3 25. Nxe8 Nxa1 26. Nf6+ gxf6 27.
e8=Q+ Kg7 28. Re7+ Kh6 29. Qh5# 1-0

[Event "Tournoi B"]
[Site "Lannemezan"]
[Date "2023.05.18"]
[Round "3.11"]
[White "Grimault, Stephanie"]
[Black "Belio, Florian"]
[Result "1-0"]
[WhiteElo "1268"]
[BlackElo "1199"]
[PlyCount "55"]
[EventDate "2023.??.??"]
[WhiteTeam "l'Echiquier Toulousain"]
[BlackTeam "Le Fou Blanc de Lannemezan"]

1. c4 Nf6 2. d4 d6 3. Nf3 Nbd7 4. Nc3 g6 5. g3 Bg7 6. Bg2 O-O 7. O-O e5 8. e3
Re8 9. b3 b6 10. Bb2 Bb7 11. d5 Nc5 12. Nd2 Qd7 13. e4 c6 14. b4 Na6 15. dxc6
Bxc6 16. b5 Bb7 17. bxa6 Bxa6 18. Qa4 Bb7 19. Qxd7 Nxd7 20. Nd5 Rac8 21. Bh3
Rcd8 22. Rac1 Bxd5 23. cxd5 Rf8 24. Rc7 Nf6 25. Rxa7 Ra8 26. Rxa8 Rxa8 27. a3
h5 28. Rc1 1-0

[Event "Tournoi B"]
[Site "Lannemezan"]
[Date "2023.05.18"]
[Round "3.12"]
[White "Grillet Guellier, Lilian"]
[Black "Rigaud, Solene"]
[Result "1/2-1/2"]
[WhiteElo "1099"]
[BlackElo "1172"]
[PlyCount "32"]
[EventDate "2023.??.??"]
[WhiteTeam "Le Fou Blanc de Lannemezan"]
[BlackTeam "Echiquier Vicquois"]

1. e4 c6 2. d4 d5 3. Nc3 dxe4 4. Nxe4 Bf5 5. Nc5 Qb6 6. Bf4 e6 7. Nf3 Bxc5 8.
dxc5 Qxc5 9. Bd6 Qxc2 10. Qd4 Qe4+ 11. Qxe4 Bxe4 12. Nd2 Bd5 13. Bd3 Nf6 14.
O-O Nbd7 15. Nb3 Ne4 16. Bb4 c5 1/2-1/2

[Event "Tournoi B"]
[Site "Lannemezan"]
[Date "2023.05.18"]
[Round "3.13"]
[White "Chansat, Lucas"]
[Black "Despaux, Denis"]
[Result "0-1"]
[WhiteElo "1199"]
[BlackElo "1132"]
[PlyCount "60"]
[EventDate "2023.??.??"]
[WhiteTeam "Le Fou Blanc de Lannemezan"]
[BlackTeam "Echiquier de l'Armagnac"]

1. e4 e5 2. Nf3 Nc6 3. Bc4 Bc5 4. O-O Nf6 5. Nc3 O-O 6. d3 h6 7. Nd5 d6 8. b4
Nxb4 9. c3 Nbxd5 10. exd5 c6 11. d4 exd4 12. cxd4 Bb6 13. dxc6 d5 14. Qd3 bxc6
15. Bb3 a5 16. Bf4 Ba6 17. Qf5 Bxf1 18. Bc2 Qd7 19. Be5 Qxf5 20. Bxf5 Bb5 21.
a4 Ba6 22. Rb1 Ba7 23. Bd6 Rfe8 24. Ne5 Bb8 25. Bd7 Nxd7 26. Nxd7 Bxd6 27. Nb6
Reb8 28. g3 Bc7 29. Nxa8 Rxb1+ 30. Kg2 Bd8 0-1

[Event "Tournoi B"]
[Site "Lannemezan"]
[Date "2023.05.18"]
[Round "4.1"]
[White "Nassar, Christophe"]
[Black "Bruguier, Florian"]
[Result "1-0"]
[WhiteElo "1658"]
[BlackElo "1519"]
[PlyCount "157"]
[EventDate "2023.??.??"]
[WhiteTeam "Le Fou Blanc de Lannemezan"]
[BlackTeam "Echiquier de Bigorre"]

1. e4 c6 2. Nf3 d5 3. e5 Bf5 4. h4 h6 5. Nd4 e6 6. Nxf5 exf5 7. d4 Be7 8. Bd3
c5 9. Bxf5 cxd4 10. e6 Nf6 11. exf7+ Kxf7 12. Qd3 Nc6 13. Bg6+ Kf8 14. Qf5 Qc8
15. Qxc8+ Rxc8 16. Bf4 Nb4 17. O-O Nc6 18. Nd2 Bb4 19. Nf3 Ne7 20. Ne5 Ng4 21.
Nd7+ Kg8 22. Bh5 Nf6 23. Nxf6+ gxf6 24. a3 Ba5 25. b4 Bc7 26. Rfe1 Rh7 27. Bxc7
Rxc7 28. Re6 Rxc2 29. Rae1 Rc7 30. Rxf6 d3 31. Rd1 Rc3 32. Rf3 Rxa3 33. Rfxd3
Rxd3 34. Rxd3 Rg7 35. Bf3 Kf8 36. g3 a6 37. Bxd5 Nxd5 38. Rxd5 Rg4 39. b5 a5
40. Rd8+ Ke7 41. Rb8 a4 42. Rxb7+ Kd8 43. Ra7 Kc8 44. Kg2 Rb4 45. f4 h5 46. Kf3
Rb3+ 47. Ke4 a3 48. f5 Rb4+ 49. Kd5 Rxb5+ 50. Kc6 Kb8 51. Rxa3 Rxf5 52. Rb3+
Kc8 53. Re3 Rf6+ 54. Kd5 Kd7 55. Re5 Rf3 56. Rg5 Ra3 57. Ke4 Ra4+ 58. Kf5 Ke7
59. Kg6 Ra6+ 60. Kxh5 Kf7 61. g4 Rb6 62. Rf5+ Kg7 63. g5 Rb4 64. Rc5 Rd4 65.
Rc7+ Kg8 66. Kg6 Rd6+ 67. Kf5 Rd4 68. Kg6 Rd6+ 69. Kh5 Kh8 70. Rf7 Rd4 71. Kg6
Kg8 72. h5 Rd8 73. h6 Kh8 74. Kf6 Kg8 75. g6 Re8 76. g7 Kh7 77. Rf8 Rxf8+ 78.
gxf8=R Kxh6 79. Rh8# 1-0

[Event "Tournoi B"]
[Site "Lannemezan"]
[Date "2023.05.18"]
[Round "4.2"]
[White "Garcia Del Prado, Bruno"]
[Black "Kallenbrunn, Philippe"]
[Result "1-0"]
[WhiteElo "1483"]
[BlackElo "1534"]
[PlyCount "97"]
[EventDate "2023.??.??"]
[WhiteTeam "Le Fou Blanc de Lannemezan"]

1. d4 d5 2. c4 c6 3. g3 Nf6 4. Bg2 e6 5. Nf3 Be7 6. Nc3 O-O 7. Qc2 Nbd7 8. Bg5
Re8 9. O-O h6 10. Bf4 Nh5 11. Bc1 Bd6 12. e4 dxe4 13. Nxe4 Bc7 14. Be3 f5 15.
Nc3 Qf6 16. d5 e5 17. dxc6 bxc6 18. Rad1 Nf8 19. Ne1 a5 20. Bc5 Qe6 21. Qe2 Nf6
22. Nb5 Bb8 23. Nd6 Rd8 24. Nxc8 Rxc8 25. Nc2 Kh8 26. Bxf8 Rxf8 27. Nd4 Qc8 28.
Nxc6 e4 29. Ne7 Qe8 30. Nxf5 Ra6 31. c5 Re6 32. Nd6 Qe7 33. Qc4 Bxd6 34. cxd6
Rxd6 35. b3 Re6 36. Bh3 Re5 37. Qc3 Re8 38. Rfe1 Qa3 39. Re2 Nd5 40. Qb2 Qc5
41. Rc2 Qb6 42. Bd7 R8e7 43. Rc8+ Kh7 44. Rc6 Qa7 45. Bg4 e3 46. Qc2+ g6 47.
Qxg6+ Kh8 48. Rc8+ Re8 49. Rxe8+ 1-0

[Event "Tournoi B"]
[Site "Lannemezan"]
[Date "2023.05.18"]
[Round "4.3"]
[White "Guerin, Laurent"]
[Black "Yakovleff, Michel"]
[Result "1-0"]
[WhiteElo "1587"]
[BlackElo "1371"]
[PlyCount "85"]
[EventDate "2023.??.??"]
[WhiteTeam "Le Gambit de Muret"]
[BlackTeam "Echiquier de la Basse Vallée du Lot"]

1. e4 e5 2. Nf3 Nf6 3. Nc3 Nc6 4. Bc4 Nxe4 5. O-O Nxc3 6. dxc3 Be7 7. Qd5 O-O
8. Nxe5 Nxe5 9. Qxe5 d6 10. Qe4 c6 11. Bd3 f5 12. Qe2 Bd7 13. Bf4 b5 14. Rfe1
Rf7 15. Rad1 c5 16. Bxb5 Bxb5 17. Qxb5 Qc7 18. Re6 a6 19. Qc4 Rd8 20. Qxa6 Qd7
21. Rde1 g5 22. Bd2 d5 23. a4 d4 24. Qc4 Kg7 25. h4 f4 26. h5 Rdf8 27. h6+ Kh8
28. cxd4 cxd4 29. a5 g4 30. R1e4 g3 31. f3 Qa7 32. Kf1 Rd8 33. Ra6 Qb7 34. Rb6
Qd5 35. Qxd5 Rxd5 36. a6 Rd8 37. a7 Bd6 38. Rxd6 Ra8 39. Rexd4 Rff8 40. Bc3 Kg8
41. R4d5 Kf7 42. Rf6+ Kg8 43. Rg5+ 1-0

[Event "Tournoi B"]
[Site "Lannemezan"]
[Date "2023.05.18"]
[Round "4.4"]
[White "Ambrosino, Adam"]
[Black "Chatain, Philippe"]
[Result "1-0"]
[WhiteElo "1386"]
[BlackElo "1433"]
[PlyCount "53"]
[EventDate "2023.??.??"]
[WhiteTeam "La Tour de Caylus"]
[BlackTeam "Le Fou Blanc de Lannemezan"]

1. d4 d5 2. Bf4 Nf6 3. e3 e6 4. Nf3 Bd6 5. Bg3 O-O 6. Nbd2 Nbd7 7. c3 Ne4 8.
Bd3 Nxd2 9. Nxd2 e5 10. dxe5 Nxe5 11. Bxe5 Bxe5 12. Bxh7+ Kxh7 13. Qh5+ Kg8 14.
Qxe5 Re8 15. Qg3 Re6 16. O-O-O Rg6 17. Qf4 Rxg2 18. Rdg1 Rxg1+ 19. Rxg1 Be6 20.
Qh6 Qf8 21. Nf3 g6 22. Qf4 Kg7 23. h4 Qh8 24. Qxc7 Qh5 25. Nd4 Re8 26. Qf4 Kh7
27. Nxe6 1-0

[Event "Tournoi B"]
[Site "Lannemezan"]
[Date "2023.05.18"]
[Round "4.5"]
[White "Charruyer, Baptiste"]
[Black "Bulme, Milan"]
[Result "0-1"]
[WhiteElo "1401"]
[BlackElo "1368"]
[PlyCount "40"]
[EventDate "2023.??.??"]
[WhiteTeam "Le Fou Blanc de Lannemezan"]
[BlackTeam "Club d'Echecs Pau Berlioz"]

1. e4 c5 2. b3 Nc6 3. Bb2 d6 4. Bb5 Bd7 5. Ne2 a6 6. Bxc6 Bxc6 7. d3 Nf6 8. O-O
g6 9. f4 Bg7 10. Nd2 O-O 11. h3 Nxe4 12. Bxg7 Nxd2 13. Bxf8 Nxf1 14. Bxe7 Qxe7
15. Qxf1 Re8 16. Re1 Qe3+ 17. Qf2 Qd2 18. Kf1 Qxc2 19. Nc1 Rxe1+ 20. Kxe1 Qxc1+
0-1

[Event "Tournoi B"]
[Site "Lannemezan"]
[Date "2023.05.18"]
[Round "4.6"]
[White "Garcia, Leon"]
[Black "Priu, Brice"]
[Result "0-1"]
[WhiteElo "1009"]
[BlackElo "1395"]
[PlyCount "52"]
[EventDate "2023.??.??"]
[WhiteTeam "Echiquier de Bigorre"]
[BlackTeam "Echiquier Henri IV Pau"]

1. e4 c5 2. Bc4 e6 3. e5 d5 4. Bb5+ Bd7 5. Bxd7+ Nxd7 6. f4 Ne7 7. d4 Nc6 8.
dxc5 Bxc5 9. Nf3 O-O 10. Ng5 h6 11. Nh3 Qh4+ 12. Kf1 f6 13. exf6 Rxf6 14. Nc3
Raf8 15. Qf3 Rf5 16. Qg3 Qf6 17. Ne2 e5 18. Ke1 exf4 19. Nexf4 Re8+ 20. Kd1 Nb4
21. a3 Qd4+ 22. Nd3 Nxd3 23. cxd3 Qa4+ 24. b3 Qxb3+ 25. Kd2 Bd4 26. Re1 Bc3#
0-1

[Event "Tournoi B"]
[Site "Lannemezan"]
[Date "2023.05.18"]
[Round "4.7"]
[White "Flourac, Jean-Paul"]
[Black "Despaux, Axel"]
[Result "0-1"]
[WhiteElo "1499"]
[BlackElo "1287"]
[PlyCount "76"]
[EventDate "2023.??.??"]
[WhiteTeam "Le Gambit de Muret"]
[BlackTeam "Echiquier de l'Armagnac"]

1. d4 Nf6 2. Nf3 c5 3. d5 e6 4. dxe6 fxe6 5. c4 Nc6 6. Nc3 d5 7. e3 g6 8. Be2
Bg7 9. O-O O-O 10. Qc2 Kh8 11. Rd1 d4 12. Ne1 e5 13. Ne4 Bf5 14. f3 Nxe4 15.
fxe4 Nb4 16. Qb1 Be6 17. exd4 exd4 18. Nf3 Qe7 19. a3 Nc6 20. Qd3 Bg4 21. Bg5
Bf6 22. Bxf6+ Qxf6 23. Rf1 Qe6 24. Ng5 Bxe2 25. Qxe2 Qe7 26. Rxf8+ Rxf8 27. Rf1
Rxf1+ 28. Qxf1 h6 29. Nh3 Kg7 30. Qe2 Qf7 31. Nf2 Na5 32. e5 Qe6 33. Nd3 b6 34.
Nf4 Qxc4 35. Qg4 Qc1+ 36. Kf2 Qxb2+ 37. Kg3 Qb3+ 38. Kh4 g5+ 0-1

[Event "Tournoi B"]
[Site "Lannemezan"]
[Date "2023.05.18"]
[Round "4.8"]
[White "Alexandre, Jacques Junior"]
[Black "Gramont, Francois"]
[Result "0-1"]
[WhiteElo "1608"]
[BlackElo "1343"]
[PlyCount "30"]
[EventDate "2023.??.??"]
[WhiteTeam "l'Echiquier Toulousain"]
[BlackTeam "Cercle d'Echecs Aurillacois"]

1. d4 d5 2. c4 e6 3. Nf3 a6 4. cxd5 exd5 5. Nc3 Nf6 6. Bg5 Be6 7. Bxf6 Qxf6 8.
Qb3 b6 9. Nxd5 Qd8 10. e4 c6 11. Qxb6 cxd5 12. Qb7 Nd7 13. exd5 Qa5+ 14. Kd1
Bxd5 15. Qxa8+ Bxa8 0-1

[Event "Tournoi B"]
[Site "Lannemezan"]
[Date "2023.05.18"]
[Round "4.9"]
[White "Dang, Damien"]
[Black "Grimault, Stephanie"]
[Result "0-1"]
[WhiteElo "1009"]
[BlackElo "1268"]
[PlyCount "114"]
[EventDate "2023.??.??"]
[WhiteTeam "Le Fou Blanc de Lannemezan"]
[BlackTeam "l'Echiquier Toulousain"]

1. e4 d5 2. exd5 Qxd5 3. Nc3 Qa5 4. d4 Nf6 5. Nf3 Bg4 6. Be2 c6 7. O-O Nbd7 8.
Bf4 e6 9. h3 Bxf3 10. Bxf3 Rd8 11. Re1 Be7 12. Ne4 Nxe4 13. Bxe4 Nf6 14. Qf3
Qb6 15. c3 Nxe4 16. Rxe4 O-O 17. Rb1 c5 18. Qg3 g6 19. Bc7 Bd6 20. Bxb6 Bxg3
21. Bxd8 Bb8 22. Be7 Re8 23. Bxc5 b6 24. Ba3 a5 25. b4 a4 26. Bc1 Rc8 27. Bh6
Bd6 28. d5 e5 29. Rbe1 f6 30. Be3 f5 31. Rh4 b5 32. g4 f4 33. Bd2 Kg7 34. g5
Rc7 35. Rg4 h5 36. Rg2 Re7 37. Rc1 Rc7 38. Kh1 f3 39. Rgg1 Rc4 40. Rc2 Rh4 41.
Rd1 Rxh3+ 42. Kg1 e4 43. c4 Bh2+ 44. Kf1 Bd6 45. Kg1 Rh2 46. Bc3+ Kf7 47. cxb5
Rg2+ 48. Kf1 h4 49. Ke1 h3 50. b6 h2 51. Bd4 Bxb4+ 52. Bc3 h1=Q+ 53. Kd2 Rxf2+
54. Kc1 Ba3+ 55. Bb2 Rxc2+ 56. Kxc2 Qg2+ 57. Kb1 Qxb2# 0-1

[Event "Tournoi B"]
[Site "Lannemezan"]
[Date "2023.05.18"]
[Round "4.10"]
[White "Hilberer, Elie"]
[Black "Mallard, Jan"]
[Result "1-0"]
[WhiteElo "1199"]
[BlackElo "1009"]
[PlyCount "79"]
[EventDate "2023.??.??"]
[WhiteTeam "Echiquier Vicquois"]
[BlackTeam "Le Fou Blanc de Lannemezan"]

1. d4 d5 2. c4 e6 3. cxd5 exd5 4. Nf3 Nf6 5. Bg5 Be7 6. Nc3 O-O 7. e3 Bg4 8.
Be2 Nc6 9. O-O Re8 10. Ne5 Nxe5 11. dxe5 Bxe2 12. Qxe2 d4 13. Rfd1 d3 14. Rxd3
Qc8 15. exf6 h6 16. fxe7 hxg5 17. Nd5 c6 18. Rc1 Rb8 19. e4 Qe6 20. Nc7 Qxe7
21. Nxe8 Qxe8 22. Rh3 Qe6 23. Qh5 Qh6 24. Qxh6 gxh6 25. Rxh6 Rd8 26. h4 gxh4
27. Rxh4 Rd2 28. Rb1 b5 29. e5 a5 30. a3 a4 31. f4 c5 32. f5 b4 33. axb4 cxb4
34. Rxb4 Kg7 35. g4 f6 36. e6 Kf8 37. Rxa4 Ke7 38. Ra7+ Ke8 39. Rc1 Rd8 40. Rh7
1-0

[Event "Tournoi B"]
[Site "Lannemezan"]
[Date "2023.05.18"]
[Round "4.11"]
[White "Despaux, Denis"]
[Black "Solo, Louis"]
[Result "1-0"]
[WhiteElo "1132"]
[BlackElo "1009"]
[PlyCount "62"]
[EventDate "2023.??.??"]
[WhiteTeam "Echiquier de l'Armagnac"]
[BlackTeam "Le Fou Blanc de Lannemezan"]

1. e4 e5 2. Nf3 Nc6 3. Bc4 Nf6 4. c3 Bc5 5. d4 exd4 6. cxd4 Bb4+ 7. Nc3 O-O 8.
Bg5 Be7 9. O-O d6 10. h3 Nh5 11. Bxe7 Qxe7 12. Re1 Bxh3 13. gxh3 Nf4 14. Kh2
Qf6 15. Rg1 Qh6 16. Rg3 Rae8 17. Bd3 Re6 18. Ne2 Nxe2 19. Qxe2 d5 20. e5 Qf4
21. Qe3 Qxe3 22. fxe3 Rh6 23. Rag1 Nb4 24. Rxg7+ Kh8 25. Bb1 Re8 26. Rxf7 Rg8
27. Rxc7 Rhg6 28. Bxg6 hxg6 29. e6 Na6 30. Rxb7 g5 31. Rxa7 Nb8 1-0

[Event "Tournoi B"]
[Site "Lannemezan"]
[Date "2023.05.18"]
[Round "4.12"]
[White "Pages, Philippe"]
[Black "Grillet Guellier, Lilian"]
[Result "1-0"]
[WhiteElo "1070"]
[BlackElo "1099"]
[PlyCount "45"]
[EventDate "2023.??.??"]
[WhiteTeam "L'Echiquier des gorges de l'Aveyron"]
[BlackTeam "Le Fou Blanc de Lannemezan"]

1. e4 e5 2. Bc4 Bc5 3. Nc3 Nc6 4. Nf3 Nf6 5. d3 Ng4 6. O-O O-O 7. Bg5 Be7 8.
Bd2 d6 9. Nd5 Be6 10. b4 Nd4 11. Nxd4 exd4 12. c3 dxc3 13. Bxc3 Bf6 14. d4 Bh4
15. g3 Bg5 16. Qd3 c6 17. Ne3 d5 18. exd5 cxd5 19. Bb3 Nxe3 20. fxe3 Bh3 21.
Rf2 Qd7 22. Bc2 Rac8 23. Qxh7# 1-0

[Event "Tournoi B"]
[Site "Lannemezan"]
[Date "2023.05.18"]
[Round "4.13"]
[White "Belio, Florian"]
[Black "Rigaud, Solene"]
[Result "1-0"]
[WhiteElo "1199"]
[BlackElo "1172"]
[PlyCount "94"]
[EventDate "2023.??.??"]
[WhiteTeam "Le Fou Blanc de Lannemezan"]
[BlackTeam "Echiquier Vicquois"]

1. Nf3 d5 2. g3 Bf5 3. d3 Nc6 4. Nbd2 Nf6 5. Bg2 Qd7 6. O-O Bh3 7. e4 Bxg2 8.
Kxg2 dxe4 9. dxe4 e6 10. Re1 Bc5 11. h3 h6 12. e5 Nd5 13. c4 Nde7 14. a3 Ng6
15. b4 Bd4 16. Nxd4 Qxd4 17. Nb3 Qxd1 18. Rxd1 Ncxe5 19. Rd4 O-O 20. f4 Nc6 21.
Rd7 Rac8 22. Be3 Rfd8 23. Rad1 Nf8 24. Rxd8 Rxd8 25. Rxd8 Nxd8 26. Bxa7 b6 27.
Bb8 Nd7 28. Bxc7 Nc6 29. b5 Na7 30. c5 Nxb5 31. cxb6 Nxc7 32. bxc7 Nb6 33. a4
Kf8 34. a5 Nc8 35. Nc5 Ke7 36. Na6 Kd6 37. Kf3 Kc6 38. Ke4 f6 39. h4 Kb7 40.
Nc5+ Kc6 41. Nxe6 g6 42. Nf8 Kxc7 43. Nxg6 Nd6+ 44. Kd5 Ne8 45. Ke6 Kb7 46. g4
Ka6 47. h5 Kxa5 1-0

[Event "Tournoi B"]
[Site "Lannemezan"]
[Date "2023.05.18"]
[Round "5.1"]
[White "Garcia Del Prado, Bruno"]
[Black "Nassar, Christophe"]
[Result "1/2-1/2"]
[WhiteElo "1483"]
[BlackElo "1658"]
[Annotator "Samy AIT CHAOUCHE"]
[PlyCount "59"]
[EventDate "2023.??.??"]
[WhiteTeam "Le Fou Blanc de Lannemezan"]
[BlackTeam "Le Fou Blanc de Lannemezan"]

1. d4 Nf6 2. c4 g6 3. g3 Bg7 4. Bg2 O-O 5. Nf3 d5 6. Nc3 dxc4 7. O-O Bd7 8. Ne5
Bc6 9. Nxc6 Nxc6 10. d5 Nb4 11. e4 a6 12. Ne2 Ng4 13. Nf4 Ne5 14. Bf3 Nxf3+ 15.
Qxf3 Nc2 16. Rb1 Nd4 17. Qd1 e5 18. dxe6 fxe6 19. Be3 e5 20. Bxd4 exf4 21. Bxg7
Qxd1 22. Rbxd1 Kxg7 23. Rd7+ Rf7 24. Rfd1 fxg3 $6 (24... f3 $1 $17) 25. fxg3
Raf8 26. e5 Kg8 27. e6 Rxd7 28. Rxd7 Re8 29. Rxc7 Rxe6 30. Rxc4 1/2-1/2

[Event "Tournoi B"]
[Site "Lannemezan"]
[Date "2023.05.18"]
[Round "5.2"]
[White "Bulme, Milan"]
[Black "Guerin, Laurent"]
[Result "1-0"]
[WhiteElo "1368"]
[BlackElo "1587"]
[Annotator "Samy AIT CHAOUCHE"]
[PlyCount "51"]
[EventDate "2023.??.??"]
[WhiteTeam "Club d'Echecs Pau Berlioz"]

1. e4 d5 2. exd5 c6 3. dxc6 Nxc6 4. Bc4 Nf6 5. Nc3 e5 6. d3 Bb4 7. Nge2 O-O 8.
O-O Nd4 9. f3 Be6 10. Bxe6 Nxe6 11. Ne4 Nxe4 12. fxe4 Rc8 13. Kh1 Qa5 14. Be3
Qc7 15. c3 Be7 16. Qa4 a6 17. Rac1 Bg5 18. Bxg5 Nxg5 19. Ng3 Ne6 20. Qd1 Rcd8
21. d4 Qa5 22. d5 Qxa2 23. Qh5 Nf4 24. Qxe5 Nd3 25. Qg5 Qxb2 (25... f6 $1 26.
Qe3 Nxc1 $17) 26. Nf5 1-0

[Event "Tournoi B"]
[Site "Lannemezan"]
[Date "2023.05.18"]
[Round "5.3"]
[White "Bruguier, Florian"]
[Black "Ambrosino, Adam"]
[Result "1-0"]
[WhiteElo "1519"]
[BlackElo "1386"]
[PlyCount "55"]
[EventDate "2023.??.??"]
[WhiteTeam "Echiquier de Bigorre"]
[BlackTeam "La Tour de Caylus"]

1. e4 g6 2. Nf3 Bg7 3. Bc4 c6 4. Nc3 e6 5. d4 d5 6. Bb3 Ne7 7. e5 O-O 8. Bf4 a6
9. Qd2 Nd7 10. g4 c5 11. dxc5 Nxc5 12. Bh6 Nc6 13. Bxg7 Kxg7 14. h4 Ne4 15. Qf4
h6 16. Nxe4 dxe4 17. Qxe4 f6 18. h5 gxh5 19. gxh5 Qa5+ 20. c3 Nxe5 21. Rg1+ Kh8
22. Nh4 Rg8 23. Rxg8+ Kxg8 24. O-O-O Bd7 25. Rxd7 Nxd7 26. Qxe6+ Kh8 27. Ng6+
Kh7 28. Qf7# 1-0

[Event "Tournoi B"]
[Site "Lannemezan"]
[Date "2023.05.18"]
[Round "5.4"]
[White "Priu, Brice"]
[Black "Despaux, Axel"]
[Result "1-0"]
[WhiteElo "1395"]
[BlackElo "1287"]
[PlyCount "49"]
[EventDate "2023.??.??"]
[WhiteTeam "Echiquier Henri IV Pau"]
[BlackTeam "Echiquier de l'Armagnac"]

1. e4 c5 2. Nf3 g6 3. c4 Bg7 4. d4 cxd4 5. Nxd4 Nf6 6. Nc3 Nc6 7. Be3 O-O 8.
Be2 d6 9. O-O Bd7 10. Qd2 Rc8 11. f3 Ne5 12. b3 Re8 13. Nd5 Nc6 14. Nxc6 bxc6
15. Nxf6+ Bxf6 16. Rad1 c5 17. f4 Rc7 18. f5 Bc6 19. Bd3 Qa8 20. Qc2 Be5 21.
Rf3 Kg7 22. Rdf1 f6 23. Qe2 Bxe4 24. Bxe4 Qxe4 25. Bh6+ 1-0

[Event "Tournoi B"]
[Site "Lannemezan"]
[Date "2023.05.18"]
[Round "5.5"]
[White "Kallenbrunn, Philippe"]
[Black "Hilberer, Elie"]
[Result "1-0"]
[WhiteElo "1534"]
[BlackElo "1199"]
[PlyCount "79"]
[EventDate "2023.??.??"]
[WhiteTeam "Le Gambit de Muret"]
[BlackTeam "Echiquier Vicquois"]

1. e4 Nc6 2. Nf3 e5 3. d4 d6 4. d5 Nce7 5. Nc3 f5 6. Bb5+ c6 7. Bd3 f4 8. Qe2
h6 9. Bd2 g5 10. h3 Nf6 11. O-O-O a6 12. g4 Qd7 13. Rdg1 Rg8 14. Ne1 Rb8 15. h4
b5 16. dxc6 Nxc6 17. hxg5 hxg5 18. Nd5 Qf7 19. Nxf6+ Qxf6 20. c3 Qf7 21. Bb1 a5
22. Rh5 a4 23. f3 b4 24. Rgh1 bxc3 25. Bxc3 Nb4 26. Bxb4 Rxb4 27. Rh7 Bg7 28.
Nc2 Qc7 29. Kd1 Rxb2 30. Kc1 a3 31. Qd3 Be6 32. Kd2 Qb6 33. Re1 Bf8 34. Qxa3
Rxb1 35. Qa8+ Qb8 36. Qa4+ Rb5 37. Rb1 Bc4 38. Na3 Qb6 39. Qa8+ Qd8 40. Qc6+
1-0

[Event "Tournoi B"]
[Site "Lannemezan"]
[Date "2023.05.18"]
[Round "5.6"]
[White "Chatain, Philippe"]
[Black "Pages, Philippe"]
[Result "0-1"]
[WhiteElo "1433"]
[BlackElo "1070"]
[PlyCount "100"]
[EventDate "2023.??.??"]
[WhiteTeam "Le Fou Blanc de Lannemezan"]
[BlackTeam "L'Echiquier des gorges de l'Aveyron"]

1. d4 Nf6 2. c4 b6 3. Nc3 Bb7 4. Bf4 a6 5. Nf3 Bxf3 6. exf3 e6 7. Bd3 Bb4 8.
O-O Bxc3 9. bxc3 Nh5 10. Be3 c6 11. Re1 d5 12. f4 Nf6 13. f5 O-O 14. fxe6 fxe6
15. Bg5 Nbd7 16. Rxe6 Nb8 17. cxd5 Qxd5 18. Re5 Qf7 19. Bxf6 Qxf6 20. Rf5 Qd6
21. Rh5 h6 22. Qg4 Nd7 23. Bc4+ Kh8 24. Qe6 Rf6 25. Qxd6 Rxd6 26. Re1 b5 27.
Bb3 a5 28. Re6 Rxe6 29. Bxe6 Nf6 30. Re5 Re8 31. f4 g5 32. fxg5 hxg5 33. Kf2 g4
34. Kg3 Kg7 35. Bxg4 Rxe5 36. dxe5 Ne4+ 37. Kf4 Nxc3 38. Be6 c5 39. Ke3 c4 40.
Kd4 Nxa2 41. Bxc4 bxc4 42. Kxc4 Kf7 43. h4 Nb4 44. h5 Nc6 45. Kd5 Ne7+ 46. Kd6
a4 47. e6+ Ke8 48. h6 Kd8 49. h7 Ng6 50. e7+ Ke8 0-1

[Event "Tournoi B"]
[Site "Lannemezan"]
[Date "2023.05.18"]
[Round "5.7"]
[White "Gramont, Francois"]
[Black "Charruyer, Baptiste"]
[Result "0-1"]
[WhiteElo "1343"]
[BlackElo "1401"]
[PlyCount "44"]
[EventDate "2023.??.??"]
[WhiteTeam "Cercle d'Echecs Aurillacois"]
[BlackTeam "Le Fou Blanc de Lannemezan"]

1. e4 e5 2. Nf3 Nf6 3. Nc3 Nc6 4. d4 exd4 5. Nxd4 Bb4 6. Nxc6 Bxc3+ 7. bxc3
bxc6 8. Bd3 d6 9. h3 h6 10. O-O Rb8 11. Be3 c5 12. Rb1 Bd7 13. Qe2 O-O 14. Qf3
Nh7 15. Qg3 Qf6 16. f4 Qxc3 17. e5 c4 18. Be4 dxe5 19. fxe5 Ng5 20. Qf4 Rxb1
21. Rxb1 Bxh3 22. Bd4 Qxd4+ 0-1

[Event "Tournoi B"]
[Site "Lannemezan"]
[Date "2023.05.18"]
[Round "5.8"]
[White "Yakovleff, Michel"]
[Black "Despaux, Denis"]
[Result "1-0"]
[WhiteElo "1371"]
[BlackElo "1132"]
[PlyCount "79"]
[EventDate "2023.??.??"]
[WhiteTeam "Echiquier de la Basse Vallée du Lot"]
[BlackTeam "Echiquier de l'Armagnac"]

1. d4 d5 2. c4 e6 3. Nf3 h6 4. Nc3 Bb4 5. a3 Bxc3+ 6. bxc3 dxc4 7. e4 b5 8. a4
Bd7 9. axb5 Bxb5 10. Ne5 Nf6 11. Qf3 O-O 12. Bxc4 Bxc4 13. Nxc4 Nbd7 14. O-O
Qb8 15. Ba3 Re8 16. Ne3 Nh7 17. h4 Qd8 18. g3 Qf6 19. Qe2 Qg6 20. Ng2 Nhf6 21.
Nf4 Qxe4 22. Qd1 Qc6 23. Bb4 Nd5 24. Nxd5 exd5 25. Re1 Nf6 26. Rxe8+ Rxe8 27.
Rxa7 Qe6 28. Rxc7 Qh3 29. Re7 Rxe7 30. Bxe7 Ng4 31. Qf3 Qh2+ 32. Kf1 Qh3+ 33.
Qg2 Nxf2 34. Kxf2 Qf5+ 35. Kg1 Qd3 36. Bb4 Qf5 37. Kh2 g5 38. Bd6 Qg4 39. Be5
gxh4 40. gxh4 1-0